000 00638nam a22002417a 4500
003 UA-OsUOA
001 37951
007 ta
008 20060420b un ||||| |||| 00| 0 ukr d
100 _aДюбі Ж.
090 _a726.0980/1420
_bД95
942 _cBK
040 _aUA-OsUOA
_bukr
_cUA-OsUOA
_dUA-OsUOA
245 _aДоба соборів
_bМистецтво та суспільство 980-1420 рків
300 _a320 с.
955 _a3
041 _aukr
080 _a726.0980/1420
020 _a966-7305-91-0
260 _aК.
_bЮніверс
_c2003
650 7 _a72 Архітектура
_2UDC
999 _c324119
_d324119